000 00779nam a2200253Ia 4500
003 OSt
005 20220923230410.0
006 a|||||r|||| 00| 0
007 ta
008 Pun
020 _c500
024 _a281,295
037 _b866, 14/08/2014, H.K. Prakashan
_cTextual
040 _aARTS
_cARTS
_bPun
041 _2Pun
_aPun
082 _aO153,1N37x, Q3
100 _aFਿਵ ਕੁਮਾਰ
245 0 _aFਿਵ ਕੁਮਾਰ
_b ਸਮੁੱਚੀ ਕਵਿਤਾ
260 _aਲੁਧਿਆਣਾ
_b ਲਾਹੌਰ ਬੁੱਕਸ
_c2013
300 _a840ਪੰ
_ccm.
650 _aਪੰਜਾਬੀ ਸਾਹਿਤ
942 _hO153,1N37x, Q3
_cTEXL
_2CC
999 _c384576
_d384576